[Event "Veliko Gradiste Silver Lake op-A"]
[Site "Veliko Gradiste"]
[Date "2021.06.26"]
[Round "5"]
[White "Mulenko, Alexander"]
[Black "Duquesne, Julien"]
[Result "0-1"]
[WhiteElo "2009"]
[BlackElo "1849"]
[PlyCount "46"]
[EventDate "2021.06.23"]
[EventType "swiss"]
[EventRounds "9"]
[EventCountry "SRB"]
[SourceTitle "CBM 203 Extra"]
[Source "ChessBase"]
[SourceDate "2021.09.30"]
[SourceVersion "1"]
[SourceVersionDate "2021.09.30"]
[SourceQuality "1"]

1. Nf3 d5 2. d4 Nf6 3. c4 e6 4. g3 dxc4 5. Bg2 a6 6. 0-0 Nc6 7. Ne5 Nxe5 8. dxe5 Nd5 9. Qc2 b5 10. Rd1 Qe7 11. Nc3 Bb7 12. Nxd5 exd5 13. Bxd5 Bxd5 14. Rxd5 Qe6 15. Qe4 Rb8 16. g4 c6 17. Rd1 g6 18. Be3 Be7 19. Rd2 0-0 20. Rad1 Rfd8 21. Kg2 Rxd2 22. Rxd2 Rd8 23. Rxd8+ Bxd8 0-1

[Event "Pardubice Czech op-J 30th"]
[Site "Pardubice"]
[Date "2019.07.15"]
[Round "5"]
[White "Mulenko, Alexander"]
[Black "Strebkovs, Andrejs"]
[Result "1/2-1/2"]
[WhiteElo "2055"]
[BlackElo "2275"]
[PlyCount "114"]
[EventDate "2019.07.12"]
[EventType "swiss"]
[EventRounds "7"]
[EventCountry "CZE"]
[SourceTitle "CBM 192 Extra"]
[Source "Chessbase"]
[SourceDate "2019.11.06"]
[SourceVersion "1"]
[SourceVersionDate "2019.11.06"]
[SourceQuality "1"]

1. Nf3 Nf6 2. c4 d6 3. g3 e5 4. Bg2 g6 5. 0-0 Bg7 6. Nc3 0-0 7. d4 Nbd7 8. e4 a6 9. dxe5 dxe5 10. b3 b5 11. Nd2 Rb8 12. Nd5 c6 13. Nxf6+ Bxf6 14. Qc2 b4 15. Rd1 Qc7 16. Nf1 Nc5 17. Bh6 Re8 18. Be3 Ne6 19. c5 Rb5 20. Rac1 Be7 21. Bh3 Nxc5 22. Bxc8 Qxc8 23. Bxc5 Rxc5 24. Qe2 Rxc1 25. Rxc1 Rd8 26. Rd1 a5 27. Rxd8+ Qxd8 28. Qd2 Qc8 29. h4 h5 30. Ne3 Bc5 31. Nc4 Qg4 32. Qd3 Bd4 33. Nxa5 c5 34. Kg2 Qc8 35. Nc4 Qd8 36. Qe2 Qf6 37. Qc2 Kg7 38. Qe2 Qe6 39. Qf3 Qa6 40. Qe2 Qb7 41. Kh2 Qe7 42. Kg2 Qe6 43. Qf3 f6 44. Kg1 Qa6 45. Qe2 Kh6 46. Kg2 Kg7 47. Kg1 Qe6 48. Qf3 Kf7 49. Kg2 Ke7 50. Qd3 Qc6 51. Kg1 Qc7 52. Qd2 Qc6 53. Qh6 Qe8 54. Qg7+ Qf7 55. Qh8 Qf8 56. Qh7+ Qf7 57. Qh8 Qf8 1/2-1/2

[Event "Pardubice Czech op-J 30th"]
[Site "Pardubice"]
[Date "2019.07.14"]
[Round "4"]
[White "Hercik, Josef"]
[Black "Mulenko, Alexander"]
[Result "0-1"]
[WhiteElo "1858"]
[BlackElo "2055"]
[PlyCount "90"]
[EventDate "2019.07.12"]
[EventType "swiss"]
[EventRounds "7"]
[EventCountry "CZE"]
[SourceTitle "CBM 192 Extra"]
[Source "Chessbase"]
[SourceDate "2019.11.06"]
[SourceVersion "1"]
[SourceVersionDate "2019.11.06"]
[SourceQuality "1"]

1. d4 Nf6 2. c4 e6 3. Nf3 b6 4. Nc3 Bb7 5. Bg5 h6 6. Bh4 g5 7. Bg3 g4 8. Nh4 Nh5 9. e4 Nxg3 10. hxg3 Rg8 11. Be2 h5 12. Qd2 Qg5 13. Qxg5 Rxg5 14. a3 Nc6 15. Rd1 0-0-0 16. 0-0 Bg7 17. e5 Ne7 18. Bd3 d6 19. exd6 cxd6 20. Bc2 d5 21. cxd5 Bxd5 22. Rd2 Bb7 23. Rfd1 Bh6 24. Be4 Nd5 25. Rc2 Nxc3 26. Rxc3+ Kb8 27. Bxb7 Kxb7 28. f4 Rgd5 29. Rcd3 Bg7 30. Kf1 Rxd4 31. Rxd4 Rxd4 32. Rxd4 Bxd4 33. b3 Kc6 34. Ke2 Kd5 35. f5 Bf6 36. fxe6 Bxh4 37. gxh4 fxe6 38. Ke3 e5 39. g3 e4 40. a4 a5 41. Kf4 Kd4 42. Kg5 e3 43. Kxh5 e2 44. Kxg4 e1Q 45. h5 Ke5 0-1

[Event "Ceske Budejovice op"]
[Site "Ceske Budejovice"]
[Date "2019.07.07"]
[Round "9"]
[White "Mulenko, Alexander"]
[Black "Steiner, Juraj"]
[Result "1/2-1/2"]
[WhiteElo "2075"]
[BlackElo "1896"]
[PlyCount "38"]
[EventDate "2019.06.29"]
[EventType "swiss"]
[EventRounds "9"]
[EventCountry "CZE"]
[SourceTitle "CBM 191 Extra"]
[Source "ChessBase"]
[SourceDate "2019.09.30"]
[SourceVersion "1"]
[SourceVersionDate "2019.09.30"]
[SourceQuality "1"]

1. g3 Nf6 2. Bg2 d5 3. c4 c6 4. b3 Bg4 5. Bb2 e6 6. Nf3 Nbd7 7. 0-0 Be7 8. d3 0-0 9. Nbd2 Nc5 10. b4 Ncd7 11. a3 a5 12. Bc3 c5 13. bxc5 Nxc5 14. h3 Bh5 15. g4 Bg6 16. Ne5 Qd6 17. Ndf3 Nfd7 18. Nxg6 hxg6 19. cxd5 exd5 1/2-1/2

[Event "Ceske Budejovice op"]
[Site "Ceske Budejovice"]
[Date "2019.07.02"]
[Round "4"]
[White "Mirzoev, Azer"]
[Black "Mulenko, Alexander"]
[Result "1-0"]
[WhiteElo "2474"]
[BlackElo "2075"]
[PlyCount "109"]
[EventDate "2019.06.29"]
[EventType "swiss"]
[EventRounds "9"]
[EventCountry "CZE"]
[SourceTitle "CBM 191 Extra"]
[Source "ChessBase"]
[SourceDate "2019.09.30"]
[SourceVersion "1"]
[SourceVersionDate "2019.09.30"]
[SourceQuality "1"]

1. d4 Nf6 2. c4 e6 3. Nc3 Bb4 4. Qc2 c5 5. dxc5 Bxc5 6. Nf3 Qc7 7. Bg5 Be7 8. e4 d6 9. Nb5 Qa5+ 10. Qd2 Qxd2+ 11. Nxd2 Na6 12. Bf4 e5 13. Be3 b6 14. f3 0-0 15. a3 Ne8 16. Be2 Nac7 17. Nc3 h6 18. Bf2 f5 19. 0-0 Nf6 20. Rfd1 g5 21. Bd3 f4 22. b4 Kf7 23. Rac1 g4 24. Nd5 Ncxd5 25. cxd5 gxf3 26. gxf3 Bh3 27. Bf1 Rg8+ 28. Kh1 Bd7 29. Ba6 Bh3 30. Rg1 Rxg1+ 31. Rxg1 Rg8 32. Rxg8 Nxg8 33. a4 Bd8 34. Nc4 Bc7 35. a5 bxa5 36. Nxa5 Bb6 37. Bxb6 axb6 38. Nc4 Ke7 39. Nxb6 Kd8 40. Kg1 Nf6 41. Kf2 Kc7 42. Na4 Nd7 43. Bf1 Bxf1 44. Kxf1 Nb6 45. Nb2 Nc8 46. Nc4 Nb6 47. Na5 Nd7 48. Kg2 Nf6 49. Nc4 Nd7 50. Kh3 Nb8 51. b5 Nd7 52. Kg4 Nc5 53. b6+ Kb7 54. Nxd6+ Kxb6 55. Nc4+ 1-0

[Event "Sochi Amateur op 6th"]
[Site "Sochi"]
[Date "2019.04.11"]
[Round "7"]
[White "Mulenko, Alexander"]
[Black "Sheliya, Daniel"]
[Result "1-0"]
[WhiteElo "2136"]
[BlackElo "1484"]
[PlyCount "125"]
[EventDate "2019.04.07"]
[EventType "swiss"]
[EventRounds "9"]
[EventCountry "RUS"]
[SourceTitle "CBM 189 Extra"]
[Source "ChessBase"]
[SourceDate "2019.05.31"]
[SourceVersion "1"]
[SourceVersionDate "2019.05.31"]
[SourceQuality "1"]

1. Nf3 d5 2. d4 Nf6 3. c4 e6 4. g3 c5 5. cxd5 exd5 6. Bg2 Nc6 7. 0-0 Bd6 8. Nc3 0-0 9. Bg5 cxd4 10. Nxd4 Be5 11. Nf3 h6 12. Nxe5 hxg5 13. Nxc6 bxc6 14. Rc1 Bf5 15. Na4 Qa5 16. a3 Rfe8 17. e3 Ne4 18. Re1 Nf6 19. Rc5 Qb6 20. Bf1 Qb7 21. Ra5 Nd7 22. b4 Ne5 23. Nc5 Qc7 24. e4 Bg4 25. Be2 Bxe2 26. Rxe2 d4 27. Nd3 f6 28. Nxe5 fxe5 29. Rc2 Re7 30. Qg4 d3 31. Rd2 c5 32. Rxc5 Qd6 33. Qxg5 a5 34. Rd5 Qf6 35. Qxf6 gxf6 36. bxa5 Rea7 37. R2xd3 Rxa5 38. Rxa5 Rxa5 39. Kg2 Ra4 40. f3 Kg7 41. Kf2 Rc4 42. Rd2 Kg6 43. Ra2 Ra4 44. Ke3 Kh5 45. Kf2 Kg5 46. h4+ Kh5 47. Kg2 Kg6 48. Kh3 Kh5 49. Ra1 Kg6 50. g4 Kh6 51. Kg3 Kg6 52. Ra2 Kh6 53. Kf2 Kg6 54. Ke3 Kh6 55. f4 Kg6 56. g5 exf4+ 57. Kxf4 fxg5+ 58. hxg5 Ra5 59. a4 Rxg5 60. a5 Rb5 61. a6 Rb8 62. a7 Ra8 63. Ke5 1-0

[Event "Sochi Amateur op 6th"]
[Site "Sochi"]
[Date "2019.04.07"]
[Round "1"]
[White "Mulenko, Alexander"]
[Black "Pavlichenko, Nikita"]
[Result "0-1"]
[WhiteElo "2136"]
[BlackElo "1678"]
[PlyCount "120"]
[EventDate "2019.04.07"]
[EventType "swiss"]
[EventRounds "9"]
[EventCountry "RUS"]
[SourceTitle "CBM 189 Extra"]
[Source "ChessBase"]
[SourceDate "2019.05.31"]
[SourceVersion "1"]
[SourceVersionDate "2019.05.31"]
[SourceQuality "1"]

1. Nf3 d5 2. c4 Nf6 3. b3 e6 4. Bb2 Be7 5. g3 0-0 6. Bg2 c5 7. cxd5 exd5 8. d4 b6 9. 0-0 Bb7 10. Nc3 Nbd7 11. Rc1 Rc8 12. Nh4 Ne4 13. Nf5 Ndf6 14. Nxe4 dxe4 15. Nxe7+ Qxe7 16. dxc5 Rfd8 17. Qe1 Rxc5 18. Rxc5 Qxc5 19. Qa1 Qf5 20. Rd1 Rc8 21. Rc1 Ng4 22. Rxc8+ Bxc8 23. Qe1 h6 24. h3 Nf6 25. Qd2 Ba6 26. Qd8+ Kh7 27. Bxf6 gxf6 28. Qe7 Kg7 29. Bxe4 Qa5 30. Bf3 Bc8 31. Kg2 Be6 32. b4 Qxa2 33. b5 a5 34. bxa6 Qxa6 35. Qb4 Qa5 36. Qd4 b5 37. Bg4 Qa4 38. Qc5 Bxg4 39. hxg4 b4 40. f4 b3 41. Qc3 Qe4+ 42. Kf2 Qc2 43. Qd4 Kg6 44. g5 hxg5 45. fxg5 Kxg5 46. Qf4+ Kg6 47. Qg4+ Kh7 48. Qh4+ Kg7 49. Qg4+ Qg6 50. Qb4 Qf5+ 51. Kg2 Qc2 52. Qg4+ Kf8 53. Qb4+ Ke8 54. Qb5+ Ke7 55. Qb4+ Ke6 56. Qb6+ Ke5 57. Qb5+ Kd4 58. Qb6+ Kc3 59. Qxf6+ Kd2 60. Kf3 Qc3+ 0-1

[Event "Prague op-A 18th"]
[Site "Prague"]
[Date "2019.01.18"]
[Round "9"]
[White "Neuman, Petr"]
[Black "Mulenko, Alexander"]
[Result "1-0"]
[WhiteElo "2428"]
[BlackElo "2090"]
[PlyCount "77"]
[EventDate "2019.01.11"]
[EventType "swiss"]
[EventRounds "9"]
[EventCountry "CZE"]
[SourceTitle "CBM 188 Extra"]
[Source "ChessBase"]
[SourceDate "2019.02.28"]
[SourceVersion "1"]
[SourceVersionDate "2019.02.28"]
[SourceQuality "1"]

1. e4 Nf6 2. e5 Nd5 3. d4 d6 4. c4 Nb6 5. f4 Bf5 6. Nc3 dxe5 7. fxe5 e6 8. Nf3 Bb4 9. Be3 c5 10. Qb3 Nc6 11. dxc5 Nd7 12. 0-0-0 Bxc3 13. Qxc3 Qc7 14. Rd6 0-0-0 15. Be2 Bg4 16. b4 Bxf3 17. gxf3 Ncxe5 18. Rhd1 Rhe8 19. f4 Nc6 20. b5 Ne7 21. b6 axb6 22. cxb6 Qb8 23. c5 Nf6 24. Qe5 Rxd6 25. Rxd6 Nf5 26. Bb5 Nxd6 27. cxd6 Nd7 28. Qc3+ Kd8 29. Qc7+ Qxc7+ 30. dxc7+ Kc8 31. a4 e5 32. a5 exf4 33. Bd4 Re4 34. a6 Rxd4 35. Bxd7+ Kxd7 36. axb7 Rc4+ 37. Kd1 Rxc7 38. b8Q Rc6 39. Qa7+ 1-0

[Event "Prague op-A 18th"]
[Site "Prague"]
[Date "2019.01.12"]
[Round "3"]
[White "Lin, Yi1"]
[Black "Mulenko, Alexander"]
[Result "1-0"]
[WhiteElo "2359"]
[BlackElo "2090"]
[PlyCount "97"]
[EventDate "2019.01.11"]
[EventType "swiss"]
[EventRounds "9"]
[EventCountry "CZE"]
[SourceTitle "CBM 188 Extra"]
[Source "ChessBase"]
[SourceDate "2019.02.28"]
[SourceVersion "1"]
[SourceVersionDate "2019.02.28"]
[SourceQuality "1"]

1. d4 Nf6 2. c4 e6 3. g3 d5 4. Bg2 Bb4+ 5. Bd2 Be7 6. Nf3 0-0 7. 0-0 Nbd7 8. Qc2 c6 9. Rd1 Ne4 10. Bf4 g5 11. Bc1 f5 12. Nc3 Bf6 13. Be3 Qe7 14. Qc1 h6 15. Nd2 Bg7 16. Ndxe4 dxe4 17. f3 e5 18. f4 exf4 19. gxf4 g4 20. d5 Qb4 21. c5 Nf6 22. d6 Be6 23. Qd2 Kh8 24. Nxe4 Qxd2 25. Nxd2 Nd5 26. Bxd5 Bxd5 27. Nf1 Rad8 28. Bd4 h5 29. Ne3 Be6 30. Kf2 Kh7 31. b4 Bh6 32. Be5 Bg7 33. Bxg7 Kxg7 34. h4 Kf6 35. Nf1 a6 36. Ng3 Kg6 37. a4 Rfe8 38. Ra3 Bd7 39. Rdd3 Be6 40. Re3 Bd5 41. Rxe8 Rxe8 42. Re3 Be4 43. Ke1 Kf7 44. Nxh5 Rh8 45. Ng3 Rxh4 46. Nxe4 Rh1+ 47. Kf2 fxe4 48. Rxe4 Rd1 49. e3 1-0

[Event "Brno op 8th"]
[Site "Brno"]
[Date "2018.11.17"]
[Round "9"]
[White "Djaballah, Farouk"]
[Black "Mulenko, Alexander"]
[Result "1/2-1/2"]
[WhiteElo "2082"]
[BlackElo "2098"]
[PlyCount "55"]
[EventDate "2018.11.10"]
[EventType "swiss"]
[EventRounds "9"]
[EventCountry "CZE"]
[SourceTitle "CBM 187 Extra"]
[Source "ChessBase"]
[SourceDate "2018.11.04"]
[SourceVersion "1"]
[SourceVersionDate "2018.11.04"]
[SourceQuality "1"]

1. e4 Nf6 2. e5 Nd5 3. d4 d6 4. Nf3 dxe5 5. dxe5 Bg4 6. Be2 Nc6 7. 0-0 e6 8. Bg5 Be7 9. Bxe7 Ndxe7 10. Nc3 0-0 11. Re1 Ng6 12. Nb5 Qe7 13. Nbd4 Nxd4 14. Qxd4 Bxf3 15. Bxf3 Rfd8 16. Qe3 Qb4 17. c3 Qxb2 18. Reb1 Qd2 19. Qxd2 Rxd2 20. Rxb7 Nxe5 21. Rxc7 Nxf3+ 22. gxf3 g6 23. a4 a5 24. Rb1 Ra2 25. Rbb7 Rf8 26. Rc4 Rd8 27. Rcc7 Rf8 28. Rc4 1/2-1/2

[Event "Pardubice Czech op-B 29th"]
[Site "Pardubice"]
[Date "2018.07.24"]
[Round "5"]
[White "Haase, Pavel"]
[Black "Mulenko, Alexander"]
[Result "1-0"]
[WhiteElo "1994"]
[BlackElo "2109"]
[PlyCount "69"]
[EventDate "2018.07.20"]
[EventType "swiss"]
[EventRounds "9"]
[EventCountry "CZE"]
[SourceTitle "CBM 186 Extra"]
[Source "ChessBase"]
[SourceDate "2018.08.24"]
[SourceVersion "1"]
[SourceVersionDate "2018.08.24"]
[SourceQuality "1"]

1. Nf3 c5 2. e3 g6 3. d4 Bg7 4. Bd3 Nf6 5. c3 Qc7 6. 0-0 d5 7. Ne5 0-0 8. Nd2 b6 9. f4 Ba6 10. Bxa6 Nxa6 11. Qf3 e6 12. g4 Nd7 13. g5 f6 14. gxf6 Nxf6 15. h4 Qe7 16. Qg2 Nc7 17. Ndf3 Ne4 18. Ng4 Rf5 19. Ng5 Nxg5 20. hxg5 Rff8 21. Qh2 Qf7 22. Kf2 Qf5 23. Kg3 Ne8 24. Rh1 h5 25. gxh6 Bf6 26. Bd2 Nd6 27. h7+ Kh8 28. Rag1 cxd4 29. cxd4 Rac8 30. Bb4 Qe4 31. Bxd6 Rc2 32. Qxc2 Qxc2 33. Bxf8 Qd3 34. Nxf6 Qxe3+ 35. Kg4 1-0

[Event "Pardubice Czech op-B 29th"]
[Site "Pardubice"]
[Date "2018.07.21"]
[Round "2"]
[White "Mulenko, Alexander"]
[Black "Ochirbat, Lkhagvajamts"]
[Result "1/2-1/2"]
[WhiteElo "2109"]
[BlackElo "1933"]
[PlyCount "90"]
[EventDate "2018.07.20"]
[EventType "swiss"]
[EventRounds "9"]
[EventCountry "CZE"]
[SourceTitle "CBM 186 Extra"]
[Source "ChessBase"]
[SourceDate "2018.08.24"]
[SourceVersion "1"]
[SourceVersionDate "2018.08.24"]
[SourceQuality "1"]

1. Nf3 Nf6 2. c4 g6 3. g3 c6 4. Bg2 Bg7 5. 0-0 0-0 6. Nc3 d5 7. cxd5 cxd5 8. d4 b6 9. Bf4 Bb7 10. Rc1 Nc6 11. Ne5 Rc8 12. Nxc6 Bxc6 13. Be5 e6 14. Qd3 Qd7 15. Rc2 Ne8 16. Bxg7 Kxg7 17. Rfc1 Nd6 18. b3 Bb7 19. e3 Rc7 20. Ne2 Rxc2 21. Rxc2 Rc8 22. Rxc8 Qxc8 23. Qc3 Ba6 24. Qxc8 Nxc8 25. Nc3 Nd6 26. f4 f5 27. Kf2 Kf6 28. h3 h5 29. Bf3 Bd3 30. g4 hxg4 31. hxg4 Nb5 32. g5+ Ke7 33. Nxb5 Bxb5 34. Ke1 Kd6 35. Kd2 Kc7 36. Kc3 Kd6 37. Bd1 a5 38. b4 Ke7 39. Bc2 Kd6 40. bxa5 bxa5 41. Bd1 Ke7 42. Kb3 Kd6 43. Ka3 Kc7 44. Bc2 Kb6 45. Bd1 Kc7 1/2-1/2

[Event "Prague op 17th"]
[Site "Prague"]
[Date "2018.01.17"]
[Round "7"]
[White "Lee, Jun Hyeok"]
[Black "Mulenko, Alexander"]
[Result "1-0"]
[WhiteElo "2305"]
[BlackElo "2064"]
[PlyCount "43"]
[EventDate "2018.01.12"]
[EventType "swiss"]
[EventRounds "9"]
[EventCountry "CZE"]
[SourceTitle "CBM 182 Extra"]
[Source "ChessBase"]
[SourceDate "2018.02.23"]
[SourceVersion "1"]
[SourceVersionDate "2018.02.23"]
[SourceQuality "1"]

1. d4 Nf6 2. Nf3 b6 3. e3 e6 4. Bd3 Bb7 5. 0-0 Be7 6. c4 c5 7. Nc3 cxd4 8. exd4 0-0 9. d5 exd5 10. cxd5 d6 11. Nd4 Nbd7 12. Bf4 Ne5 13. Nf5 Nxd3 14. Qxd3 Re8 15. Qd4 Nh5 16. Ne4 Bf8 17. Nexd6 Nxf4 18. Qxf4 Qb8 19. Nh6+ gxh6 20. Qxf7+ Kh8 21. Nxe8 Bxd5 22. Qxf8+ 1-0

[Event "Klatovy op-A 23rd"]
[Site "Klatovy"]
[Date "2017.07.07"]
[Round "7"]
[White "Mulenko, Alexander"]
[Black "Srba, Stanislav"]
[Result "1/2-1/2"]
[WhiteElo "2050"]
[BlackElo "1924"]
[PlyCount "64"]
[EventDate "2017.07.01"]
[EventType "swiss"]
[EventRounds "9"]
[EventCountry "CZE"]
[SourceTitle "EXT 2018"]
[Source "ChessBase"]
[SourceDate "2017.10.13"]
[SourceVersion "1"]
[SourceVersionDate "2017.10.13"]
[SourceQuality "1"]

1. Nf3 Nf6 2. g3 e6 3. Bg2 d5 4. 0-0 Be7 5. d4 0-0 6. c4 b6 7. Ne5 Bb7 8. Nc3 Nbd7 9. Qa4 Nxe5 10. dxe5 Ne4 11. Nxe4 dxe4 12. Rd1 Qe8 13. Qc2 Qc6 14. Rd4 Qc5 15. Rd7 f5 16. exf6 Rxf6 17. Be3 Qc6 18. Rad1 Bd6 19. R7xd6 cxd6 20. Qb3 Kh8 21. Qb4 d5 22. cxd5 exd5 23. Rc1 Qd7 24. Bd4 Rc6 25. Rxc6 Bxc6 26. Bc3 Rc8 27. Qd4 Rc7 28. h4 Bb5 29. e3 Qf7 30. Bh3 Bd7 31. Bg2 Bg4 32. Bxe4 Be6 1/2-1/2

[Event "Klatovy op-A 23rd"]
[Site "Klatovy"]
[Date "2017.07.04"]
[Round "4"]
[White "Hausner, Ivan"]
[Black "Mulenko, Alexander"]
[Result "1-0"]
[WhiteElo "2363"]
[BlackElo "2050"]
[PlyCount "101"]
[EventDate "2017.07.01"]
[EventType "swiss"]
[EventRounds "9"]
[EventCountry "CZE"]
[SourceTitle "EXT 2018"]
[Source "ChessBase"]
[SourceDate "2017.10.13"]
[SourceVersion "1"]
[SourceVersionDate "2017.10.13"]
[SourceQuality "1"]

1. d4 Nf6 2. c4 e6 3. g3 d5 4. Nf3 Bb4+ 5. Bd2 Be7 6. Bg2 0-0 7. 0-0 c6 8. Qc2 Nbd7 9. Bf4 Nh5 10. Bc1 Nhf6 11. b3 b6 12. Bb2 Ba6 13. Nbd2 Rc8 14. e4 c5 15. exd5 exd5 16. Rfe1 Re8 17. Rad1 Qc7 18. cxd5 Nxd5 19. Qf5 N5f6 20. Nc4 cxd4 21. Nxd4 Bxc4 22. bxc4 Qxc4 23. Rc1 Qxa2 24. Nc6 Bc5 25. Bxf6 Rxe1+ 26. Rxe1 Qd2 27. Rf1 Rxc6 28. Bxc6 Nxf6 29. Qc8+ Bf8 30. Qb7 Qc2 31. Bf3 Qb3 32. Kg2 a5 33. Rc1 g6 34. Rc6 Qb2 35. Qxb6 Qxb6 36. Rxb6 Kg7 37. Ra6 Bb4 38. Bc6 h5 39. Ra7 Ng4 40. Bd5 Nh6 41. f4 Kf6 42. Kf3 Be1 43. h3 Bd2 44. g4 hxg4+ 45. hxg4 g5 46. f5 Bb4 47. Ra6+ Kg7 48. f6+ Kh7 49. Be4+ Kh8 50. Ra8+ Ng8 51. Bg6 1-0

[Event "Ostrava Konik op-A"]
[Site "Ostrava"]
[Date "2016.05.04"]
[Round "5"]
[White "Mulenko, Alexander"]
[Black "Cempel, Jaroslav"]
[Result "1/2-1/2"]
[WhiteElo "2064"]
[BlackElo "2182"]
[PlyCount "124"]
[EventDate "2016.04.30"]
[EventType "swiss"]
[EventRounds "9"]
[EventCountry "CZE"]
[SourceTitle "CBM 172 Extra"]
[Source "ChessBase"]
[SourceDate "2016.06.21"]
[SourceVersion "1"]
[SourceVersionDate "2016.06.21"]
[SourceQuality "1"]

1. d4 f5 2. Nc3 d5 3. Bf4 c6 4. e3 Nf6 5. Bd3 e6 6. Nf3 Nbd7 7. h3 Ne4 8. Ne2 Be7 9. 0-0 0-0 10. Ne5 Nxe5 11. Bxe5 Bd6 12. Bxd6 Nxd6 13. Qe1 b6 14. f3 c5 15. c3 a5 16. g4 Ba6 17. Bxa6 Rxa6 18. Nf4 Qe7 19. Nd3 c4 20. Nf2 e5 21. Rd1 e4 22. f4 b5 23. Nh1 b4 24. cxb4 Rb8 25. bxa5 Rxb2 26. Rf2 Rb5 27. Ng3 Raxa5 28. gxf5 Qf6 29. Rb1 Nxf5 30. Rxb5 Rxb5 31. Nxf5 Qxf5 32. Kh2 Qf8 33. Rg2 Qc8 34. Qg3 Qd7 35. f5 Rb6 36. Qe5 Kf8 37. a4 Rf6 38. Qb8+ Kf7 39. Qh8 Qd6+ 40. Kh1 Qf8 41. Qxf8+ Kxf8 42. Ra2 Rxf5 43. a5 Rf7 44. a6 Ra7 45. Ra5 Kf7 46. Rxd5 Rxa6 47. Rc5 Ra3 48. Rxc4 Rxe3 49. Kg2 Kf6 50. Rc6+ Kf5 51. Rc7 Kg6 52. Re7 Kf6 53. Re5 g5 54. Re8 h5 55. Rf8+ Kg7 56. Re8 Kf7 57. Re5 Kf6 58. h4 gxh4 59. Rxh5 h3+ 60. Rxh3 Rxh3 61. Kxh3 Ke6 62. Kg3 Kd5 1/2-1/2

[Event "Ostrava Konik op-A"]
[Site "Ostrava"]
[Date "2016.05.02"]
[Round "3"]
[White "Kapusta, Petr"]
[Black "Mulenko, Alexander"]
[Result "1-0"]
[WhiteElo "2156"]
[BlackElo "2064"]
[PlyCount "71"]
[EventDate "2016.04.30"]
[EventType "swiss"]
[EventRounds "9"]
[EventCountry "CZE"]
[SourceTitle "CBM 172 Extra"]
[Source "ChessBase"]
[SourceDate "2016.06.21"]
[SourceVersion "1"]
[SourceVersionDate "2016.06.21"]
[SourceQuality "1"]

1. e4 Nf6 2. Nc3 d5 3. e5 Nfd7 4. e6 fxe6 5. d4 g6 6. Bd3 Bg7 7. Nf3 c5 8. Ng5 Qb6 9. Nxh7 cxd4 10. Bxg6+ Kd8 11. Ne2 Ne5 12. Bd3 Nbc6 13. Ng5 Rf8 14. Nf4 Nb4 15. 0-0 Nexd3 16. Nxd3 Nxd3 17. Qxd3 e5 18. c4 Bf5 19. Qf3 dxc4 20. Qd5+ Ke8 21. Qxc4 Rc8 22. Qa4+ Bd7 23. Qa3 Bb5 24. Qh3 Rc6 25. Re1 Bf6 26. Qh5+ Kd7 27. Nh7 Rd8 28. Bg5 Kc8 29. Rac1 Rxc1 30. Rxc1+ Kb8 31. Qf7 Be8 32. Qc4 Bg6 33. Nxf6 exf6 34. Bxf6 Bf5 35. Bxe5+ Ka8 36. Bc7 1-0

[Event "Arber op 4th"]
[Site "Bayerisch Eisenstein"]
[Date "2015.08.03"]
[Round "3"]
[White "Schelle, Artur"]
[Black "Mulenko, Alexander"]
[Result "1-0"]
[WhiteElo "2204"]
[BlackElo "2046"]
[PlyCount "93"]
[EventDate "2015.08.01"]
[EventType "swiss"]
[EventRounds "9"]
[EventCountry "GER"]
[SourceTitle "EXT 2016"]
[Source "ChessBase"]
[SourceDate "2015.10.08"]
[SourceVersion "1"]
[SourceVersionDate "2015.10.08"]
[SourceQuality "1"]

1. e4 c5 2. Nc3 g6 3. f4 Bg7 4. Nf3 Nc6 5. Bb5 Nd4 6. 0-0 a6 7. Bd3 d6 8. Nxd4 cxd4 9. Ne2 e6 10. c3 dxc3 11. dxc3 Ne7 12. Be3 0-0 13. Qd2 b5 14. Rad1 Qc7 15. Bb1 Rd8 16. Kh1 Bb7 17. Qe1 f5 18. Ng3 fxe4 19. Bxe4 d5 20. Bb1 Nc6 21. Ne2 Re8 22. Qf2 Qf7 23. Qg3 b4 24. cxb4 Bxb2 25. Bc5 Rac8 26. a3 Bg7 27. Ng1 Ne7 28. Nf3 Nf5 29. Qe1 Bc6 30. Ne5 Qb7 31. Bxf5 exf5 32. Bd4 Ba4 33. Rc1 Bc2 34. Qd2 Be4 35. h3 Rxc1 36. Rxc1 Rc8 37. Kh2 Rc7 38. Rc3 Qc8 39. Rc5 Bxe5 40. fxe5 Rxc5 41. bxc5 Qe6 42. Qg5 Kg7 43. c6 Bd3 44. c7 Bb5 45. c8Q Qxc8 46. e6+ Kf8 47. Qf6+ 1-0